Responses for Show #6295 - Friday, January 20, 2012

Contestants

[<< previous game]

Bob Powell, a network administrator from Fort Walton Beach, Florida

Russell Howes, a graduate student of mathematics originally from Taylorsville, Utah

Lynn Hammerlund, a college librarian from Lake in the Hills, Illinois (whose 1-day cash winnings total $22,500)

[next game >>]

Jeopardy! Round responses

COMMON COLD
CHICKEN SOUP
CLEAN "X"
(Alex: Each correct response will contain that letter of the alphabet.)
AIRBORNE
NIGHT QUILL
VICKSBURG
    $200 13
polar

Lynn
    $200 6
McNuggets

Lynn
    $200 1
Ajax

Lynn
    $200 9
(Alex: [*]--funny film.)

Airplane!

Bob
    $200 28
[The end-of-round signal sounds.]

the Arabian Nights

Triple Stumper
    $400 14
nippy

Bob
    $400 7
the liver (or the heart)

Russell
    $400 2
Clorox

Bob
    $400 10
Cast Away

Bob
    $1,600 20
(Russell: I don't know--who is God?)
(Alex: No, he's searching for [*]--Jekyll & [*].)

Edward Hyde

Russell
    $600 18
Three Dog Night

Bob
    $600 8
Don't count your chickens before they hatch

Russell
    $600 3
Turtle Wax

Bob
    $600 11
Con Air

Bob
    $600 27
the moon

Lynn
    $600 23
(Alex: With a minute to go.)

ironclad

Russell
    $800 19
glacial

Russell
    $800 16
(Alex: He was a baseball player--he was familiar with foul tips, only this is [*].)

Fowl

Triple Stumper
    $800 4
Windex

Bob
    $800 12
Air Force One

Russell
    $800 26
(Maurice) Sendak

Lynn
    $800 21
(Ulysses) Grant

Lynn
    $1000 22
rime

Lynn
    $1000 17
a clutch

Bob
    $1000 5
Borax

Lynn
    $1000 15
Up in the Air

Lynn
    $1000 25
the Archbishop

Lynn
    $1000 24
(Bob: What is re-arm?)
...
(Alex: Although they might have done that, they asked for a truce to [*].)

bury their dead

Bob
Triple Stumper

Scores at the first commercial break (after clue 15):

Lynn Russell Bob
$2,600 $1,800 $3,400

Scores at the end of the Jeopardy! Round:

Lynn Russell Bob
$6,800 $1,600 $4,000

Double Jeopardy! Round responses

ALLITERATIVELY YOURS
FAMOUS WOMEN
COPPING OUT ON TV
"U-R" THERE
PHYSICS
SPELLING IT OUT IN ROMAN NUMERALS
    $400 17
water wings

Bob
    $400 14
Queen Elizabeth I

Russell
    $400 19
Columbo

Bob
    $400 6
(Lynn: What is Lake Superior?)

Huron

LynnRussell
    $400 3
antimatter

Bob
    $400 1
X-I

Russell
    $800 18
race riots

Triple Stumper
    $800 22
Julia Child

Lynn
    $800 20
Hawaii Five-O

Bob
    $800 8
Turkey

Lynn
    $800 4
(Lynn: What is electromagnetism?)
(Russell: What is electrostatics?)
...
(Alex: We can't accept it with the "S".)

static

LynnRussell
Triple Stumper
    $800 7
D-I-L-L

Russell
    $1,600 24
(Alex: Minute to go now, Russell.)

fast forward

Russell
    $1200 23
Agatha Christie

Russell
    $1200 21
Miami Vice

Russell
    $1200 9
Durango

Russell
    $1200 5
a neutron

Russell
    $1200 2
D-I-X

Russell
    $1600 26
the merchant marine

Bob
    $1600 28
Mae Jemison

Lynn
    $1600 12
Burma

Lynn
    $1600 10
quarks

Bob
    $1600 15
C-I-V-I-L

Bob
    $2000 25
a double dagger

Triple Stumper
    $2000 29
(Lynn: Who is Nefertiti?)
[The end-of-round signal sounds, even before Alex gives the correct response.]

Hatshepsut

Lynn
Triple Stumper
    $2000 27
Southland

Russell
    $2,400 13
Uruguay & Suriname

Lynn
    $2000 11
conservation of matter

Bob
    $2000 16
M-I-L (a mil accepted)

Russell

Scores at the end of the Double Jeopardy! Round:

Lynn Russell Bob
$10,800 $14,400 $12,800

[wagering suggestions for these scores]

Final Jeopardy! Round responses

ENGLISH LITERATURE
LynnWho is Crown?
$9,200
BobWho is
$8,000
RussellWho is Crosi
$11,201
Robinson Crusoe

Final scores:

Lynn Russell Bob
$1,600 $3,199 $4,800
3rd place: $1,000 2nd place: $2,000 New champion: $4,800

Game dynamics:

Coryat scores:

Lynn Russell Bob
$10,400 $15,600 $12,800
15 R
(including 1 DD),
3 W
17 R
(including 1 DD),
2 W
(including 1 DD)
17 R,
1 W

Combined Coryat: $38,800

[game clues] [game scores] [suggest correction]

Game tape date: 2011-11-09
The J! Archive is created by fans, for fans. Scraping, republication, monetization, and malicious use prohibited; this site may use cookies and collect identifying information. See terms. The Jeopardy! game show and all elements thereof, including but not limited to copyright and trademark thereto, are the property of Jeopardy Productions, Inc. and are protected under law. This website is not affiliated with, sponsored by, or operated by Jeopardy Productions, Inc. Join the discussion at JBoard.tv.